Ejercicios para uniformar en la República Mexicana la hora santa en memoria de la institución del Ssmo. Sacramento para cada mes.

Detalles Bibliográficos
Autor principal: MARTINEZ Y SAEZ, Jacinto María (Fray)
Formato: Libro
Publicado: Puebla de los Angeles 1883
Materias:
Colección:Banco de datos
Acervo:Biblioteca del Convento de Santa Mónica de la Ciudad de Puebla. Puebla
Tema general:Ascética
Notas:Buena. I2, 12.
LEADER 00771nam a22001930004500
035 |a 51708 
036 |a 1476 
100 1 |a MARTINEZ Y SAEZ, Jacinto María (Fray) 
245 1 0 |a Ejercicios para uniformar en la República Mexicana la hora santa en memoria de la institución del Ssmo. Sacramento para cada mes.  |c corr. Tomás Aquino Martínez López 
260 |a Puebla de los Angeles  |b imp. Col. Pío de Artes  |c 1883 
500 |a Buena. I2, 12. 
650 1 0 |a Ascética 
949 |a CRP-SM 
959 |a Ex convento de Santa Mónica. Puebla, Puebla  |b CCC5 
960 |a Convento de Santa Mónica de la ciudad de Puebla  |b DD88 
961 |a Franciscana  |b OF 
942 |c CRP-SM 
943 |g Biblioteca del Convento de Santa Mónica de la Ciudad de Puebla. Puebla 
999 |c 962046  |d 962046